00721nam a2200181Ia 4500003000900000008004100009020002600050040001600076100003000092245004400122260003200166300002000198490003300218856010300251942000700354999001700361952016100378IN-BaIIA211028s9999 xx s 000 0 eng d a9780892520381 (Print) cIIA Library aLarmore, Lewis, ed.98060 0aInstrumentation in Astronomy Ih[eBook] aWashington, USAbSPIEc1972 aOnline resource aProceedings of SPIE; V. 0028 uhttps://www.spiedigitallibrary.org/conference-proceedings-of-spie/0028yClick Here to Access eBook cEB c26611d26611 00104070aBANbBANd2011-07-01eSPIEhV. 28l0pEB6071r2021-11-05uhttps://www.spiedigitallibrary.org/conference-proceedings-of-spie/0028w2021-11-05yEB